00380pab a2200109 454500008003600000100002500036245008400061362002800145650004000173650002500213773003200238180718b xxu||||| |||| 00| 0 eng d aLin George Chu-Sheng aChanging theoretical perspectives on urbanisation in Asian developing countries a16(1), Feb 1994, p.1-23 a Cities And Towns -- Growth -- Asia aUrbanisation -- Asia aThird World Planning Review